| 000 | 00422nam a2200169Ia 4500 | ||
|---|---|---|---|
| 008 | 210210b1983 xxu||||| |||| 00| 0 eng d | ||
| 020 | _a0 443 12839 7 | ||
| 082 | _a574.29 WEII | ||
| 100 | _aWEIR (D M). | ||
| 245 | _aImmunology: an outline for students of medicine & biology. Ed.5 | ||
| 250 | _a | ||
| 260 |
_aLondon _bE L B S _c1983 |
||
| 300 | _a255 | ||
| 650 | _aImmunology | ||
| 690 | _aBiology | ||
| 906 | _a046103 | ||
| 999 |
_c95691 _d95691 |
||